000 00970nam a22002897a 4500
001 7675
003 FISKH
005 20250730160929.0
008 250730b cb ||||| |||| 00| 0 eng d
020 _a0817214054
040 _aFISKH
_beng
_cFISKH
_dFISKH
050 _aTL147.C5
082 _a629.2
100 _aClark, James I.
245 _aCars :
_bA look inside /
_cBy James Clark
260 _aLondon :
_bRaintree Publishers , Inc ,
_c1981.
300 _a48 pages :
_bcolor illustrations ;
_c23 cm .
505 _aQ
520 _aAn overview of the braking and electrical systems, engine, and transmission of cars and an examination of unusual models and possible alternative energy sources for cars.
521 8 _a660
_bLexile estimate
521 8 _aQ
_bRaz-Plus
650 _aAutomobile
_vJuvenile Literature
700 _aBailey , John
_eIllustrator
700 _aDyess, John
_eIllustrator
942 _2ddc
_cBK
_n0
999 _c7675
_d7675